Pokémon - Champions d'Arènes - en Images - Statistiques

Statistiques générales
  • Ce quiz a été pris 91 fois
  • Le résultat moyen est 47 sur 82
Statistiques - réponses
Par images Réponse % Correct
Pierre
100%
Ondine
98%
Major Bob
91%
Blue
89%
Iris
89%
Giovanni
86%
Norman
80%
Jasmine
78%
Blanche
77%
Erika
77%
Lem
77%
Pierrick
77%
Koga
75%
Roxanne
75%
Tcheren
75%
Auguste
74%
Flo
74%
Rachid
74%
Tanguy
74%
Kiméra
72%
Gladys
71%
Morgane
71%
Voltère
71%
Albert
69%
Bastien
69%
Inezia
69%
Mortimer
69%
Alizée
68%
Marc
68%
Lovis le Teigneux
66%
Bardane
65%
Hector
63%
Sandra
63%
Charles
62%
Frédo
62%
Mélina
62%
Noa
62%
Chuck
60%
Carolina
58%
Cornélia
58%
Lévy & Tatia
58%
Watson
58%
Adriane
57%
Artie
57%
Zhu
57%
Armando
55%
Aloé
54%
Jeannine
54%
Violette
54%
Juan
52%
Peterson
51%
Strykna
51%
Urup
51%
Alistair
49%
Lino
49%
Rosemary
49%
Amana
48%
Valériane
48%
Donna
46%
Travis
46%
Roy
45%
Faïza
43%
Mashynn
43%
Amaro
40%
Kabu
40%
Astéra
38%
Percy
38%
Sally
38%
Chaz
37%
Lona
35%
Mustar
34%
Colza
32%
Grusha
32%
Saturnin
31%
Dhilan
29%
Éra
28%
Laïm
28%
Kombu
26%
Okuba
26%
Sophora
25%
Tully
22%
Thaïm
18%
Aucun quiz correspondant
Distribution des résultats
% des personnes avec chaque résultat
Percentile par nombre de réponses
Votre historique - résultats
Vous n’avez pas pris ce quiz